|
|
|
|
| LEADER |
00000nam0a2200000 4500 |
| 001 |
369411 |
| 005 |
20231102012159.0 |
| 035 |
|
|
|a (RuTPU)RU\TPU\retro\26797
|
| 035 |
|
|
|a RU\TPU\retro\26771
|
| 090 |
|
|
|a 369411
|
| 100 |
|
|
|a 20220520d1907 k y0rusy50 ca
|
| 101 |
0 |
|
|a rus
|
| 102 |
|
|
|a RU
|
| 105 |
|
|
|a y z 000zy
|
| 200 |
1 |
|
|a Представители педагогического мира в третьей Государственной Думе
|e [оттиск статьи]
|f В.
|
| 210 |
|
|
|a Санкт-Петербург
|d 1907
|
| 215 |
|
|
|a С. 110-131
|
| 225 |
1 |
|
|a Русская школа
|h № 11
|
| 300 |
|
|
|a Текст в русской дореформенной орфографии
|
| 606 |
1 |
|
|a Третья Государственная Дума Российской Империи 1907-1912
|2 stltpush
|3 (RuTPU)RU\TPU\subj\65550
|9 82052
|
| 610 |
1 |
|
|a педагогические кадры
|
| 610 |
1 |
|
|a педагогические работники
|
| 610 |
1 |
|
|a высшая школа
|
| 610 |
1 |
|
|a средние учебные заведения
|
| 610 |
1 |
|
|a таблицы
|
| 610 |
1 |
|
|a биографии
|
| 610 |
1 |
|
|a биографические сведения
|
| 686 |
|
|
|a Т3(2)533
|2 rubbk
|
| 700 |
|
1 |
|a В.
|
| 801 |
|
1 |
|a RU
|b 63413507
|c 20220520
|
| 801 |
|
2 |
|a RU
|b 63413507
|c 20220912
|g RCR
|
| 942 |
|
|
|c BK
|